[Event "Naleczow (Women)"]
[Site "Naleczow"]
[Date "1988.??.??"]
[Round "5"]
[White "Wagner Michel, Annett"]
[Black "Lissowska, Anna"]
[Result "1-0"]
[WhiteElo "2225"]
[BlackElo "2135"]
[PlyCount "63"]
[EventDate "1988.07.??"]
[EventType "tourn"]
[EventRounds "11"]
[EventCountry "POL"]
[SourceTitle "EXT 1997"]
[Source "ChessBase"]
[SourceDate "1996.11.15"]
[SourceVersion "1"]
[SourceVersionDate "1996.11.15"]
[SourceQuality "1"]

1. e4 e6 2. d3 d5 3. Nd2 Nf6 4. Ngf3 c5 5. g3 Be7 6. Bg2 0-0 7. 0-0 Nc6 8. e5 Nd7 9. Re1 Qc7 10. Qe2 b5 11. Nf1 a5 12. h4 b4 13. Bf4 Ba6 14. Ne3 Nb6 15. Ng4 Nd7 16. Qd2 Qd8 17. Bg5 Rc8 18. Qf4 Kh8 19. Rad1 Rc7 20. c4 bxc3 21. bxc3 c4 22. d4 Rb7 23. Rb1 Qb8 24. Rxb7 Qxb7 25. Nf6 Qc7 26. Nh5 Bxg5 27. Nxg5 Kg8 28. Qg4 g6 29. Nf4 Ne7 30. Nfxe6 fxe6 31. Qxe6+ Kh8 32. Qxe7 1-0

[Event "Naleczow op"]
[Site "Naleczow"]
[Date "1986.??.??"]
[Round "?"]
[White "Lissowska, Anna"]
[Black "Luczak, Andrzej"]
[Result "0-1"]
[WhiteElo "1985"]
[BlackElo "2355"]
[PlyCount "106"]
[EventDate "1986.07.??"]
[EventType "swiss"]
[EventRounds "9"]
[EventCountry "POL"]
[SourceTitle "EXT 2001"]
[Source "ChessBase"]
[SourceDate "2000.11.22"]
[SourceVersion "1"]
[SourceVersionDate "2000.11.22"]
[SourceQuality "1"]

1. d4 Nf6 2. c4 e6 3. Nc3 Bb4 4. e3 c5 5. Bd3 d5 6. Nge2 0-0 7. 0-0 Nc6 8. a3 Bxc3 9. bxc3 dxc4 10. Bxc4 Qc7 11. Qc2 e5 12. d5 Ne7 13. e4 Ng6 14. Bg5 Ne8 15. f4 exf4 16. Nxf4 Ne5 17. Ba2 c4 18. Ne2 Nd6 19. Nd4 Bd7 20. Bf4 Rfe8 21. Rae1 Nd3 22. Re3 Nxf4 23. Rxf4 f6 24. Bb1 Nf7 25. Rh4 Ne5 26. Qd1 Ng6 27. Rxh7 Qf4 28. Rf3 Qe5 29. Rhh3 Bxh3 30. Rxh3 Kf7 31. Rh5 Qf4 32. Nf5 Rh8 33. g3 Qc7 34. Nh4 Nxh4 35. e5 Rad8 36. gxh4 Qc5+ 37. Kf1 Rhe8 38. e6+ Ke7 39. Qf3 Qb6 40. Be4 Rf8 41. Rh7 Rg8 42. Qh5 Qe3 43. Qf7+ Kd6 44. e7 Qf4+ 45. Kg1 Qe3+ 46. Kf1 Qf4+ 47. Kg1 Qg4+ 48. Bg2 Rde8 49. h3 Qe2 50. Rxg7 Qe3+ 51. Kf1 Rxg7 52. Qxf6+ Kc5 53. d6 Qc1+ 0-1

[Event "EU-ch U20 Girls"]
[Site "Katowice"]
[Date "1984.??.??"]
[Round "?"]
[White "Lissowska, Anna"]
[Black "Madl, Ildiko"]
[Result "0-1"]
[WhiteElo "1810"]
[BlackElo "2060"]
[PlyCount "84"]
[EventDate "1984.??.??"]
[EventType "swiss"]
[EventRounds "11"]
[EventCountry "POL"]
[SourceTitle "EXT 2008"]
[Source "ChessBase"]
[SourceDate "2007.11.25"]
[SourceVersion "1"]
[SourceVersionDate "2007.11.25"]
[SourceQuality "1"]

1. d4 d5 2. Nf3 c5 3. c3 Nc6 4. Bf4 Nf6 5. e3 Qb6 6. Qb3 c4 7. Qc2 Bf5 8. Qxf5 Qxb2 9. Be2 e6 10. Qh3 Qxa1 11. 0-0 Qxa2 12. Nbd2 Be7 13. g4 b5 14. Bd1 Ne4 15. Nxe4 dxe4 16. Ng5 Bxg5 17. Bxg5 Qb2 18. Qg2 Qxc3 19. Qxe4 Rc8 20. Bc2 Nb4 21. Bb1 Qb3 22. Bf4 c3 23. Bd6 Nc6 24. Bc5 Qd5 25. Qf4 a5 26. Be4 Qd7 27. d5 Nd8 28. Bd4 exd5 29. Bf5 Ne6 30. Qe5 b4 31. e4 dxe4 32. Bxe6 Qxe6 33. Qxg7 Rf8 34. Re1 c2 35. Bb2 f5 36. Qb7 Qd7 37. Qb6 Rg8 38. f3 Qd5 39. Kh1 Rg6 40. Qa7 Qd1 41. Qe3 Rd6 42. Kg2 Qd2+ 0-1